01027nam a2200265 a 450000100100000000500170001000800410002702000150006804000250008304100380010808200170014610000240016324000570018724501300024426000700037430000280044449000290047250000380050153400830053965000160062265000450063865000230068370000260070683000290073200002418720250909115816.0110120s1989 ag r 000 | spa d a9506940614 aDO-SdBNPbspacBNPHU17aenggspa2Código de idioma MARC a320.51bK89c1 aKrasner, Stephen D.14aThe thrid world against global liberalismlEspañol10aConflicto estructural :bel Tercer Mundo contra el liberalismo global /cStephen D. Krasner; traducción de Mirta Rosenberg. aBuenos Aires, (Argentina) :bGrupo Editor Latinoamericano,c1989. a305 p. :bil. ;c23 cm.1 aEstudios Internacionales aIncluye notas al pie de páginas aTítulo del original en inglés :tThe thrid world against global liberalism 0aLiberalismo 0a Relaciones económicas internacionales 4aFormas de gobierno1 aRosenberg, Mirtaetr. 0aEstudios Internacionales